[Event "Charleroi op"]
[Site "Charleroi"]
[Date "2011.07.31"]
[Round "2"]
[White "Gregorio, Caballero Santiago"]
[Black "De Villers, Mourad"]
[Result "0-1"]
[WhiteElo "1870"]
[BlackElo "2121"]
[PlyCount "56"]
[EventDate "2011.07.30"]
[EventType "swiss"]
[EventRounds "9"]
[EventCountry "BEL"]
[SourceTitle "EXT 2012"]
[Source "ChessBase"]
[SourceDate "2011.11.24"]
[SourceVersion "1"]
[SourceVersionDate "2011.11.24"]
[SourceQuality "1"]

1. e4 c5 2. Nf3 d6 3. d4 cxd4 4. Nxd4 Nf6 5. Nc3 g6 6. Be3 Bg7 7. f3 Nc6 8. Bc4 0-0 9. Qd2 Bd7 10. 0-0-0 Rc8 11. Bb3 Na5 12. Kb1 Re8 13. h4 h5 14. Rdg1 Nc4 15. Bxc4 Rxc4 16. g4 hxg4 17. h5 gxh5 18. Nd5 e5 19. Bh6 Nxd5 20. Bxg7 Kxg7 21. Rxh5 Nf4 22. Nf5+ Bxf5 23. Rxf5 Re6 24. b3 Rd4 25. Qe3 Qb6 26. Kb2 Rg6 27. Rxf4 exf4 28. Qc3 Qc5 0-1

[Event "BEL-chT 0809"]
[Site "Belgium"]
[Date "2009.03.08"]
[Round "10"]
[White "Gregorio, Caballero Santiago"]
[Black "Lacrosse, Marc"]
[Result "0-1"]
[WhiteElo "1919"]
[BlackElo "2181"]
[PlyCount "120"]
[EventDate "2008.10.05"]
[EventType "team-tourn"]
[EventRounds "11"]
[EventCountry "BEL"]
[SourceTitle "EXT 2010"]
[Source "ChessBase"]
[SourceDate "2010.11.25"]
[SourceVersion "1"]
[SourceVersionDate "2010.11.25"]
[SourceQuality "1"]
[WhiteTeam "Charleroi CREC"]
[BlackTeam "KGRSL"]
[WhiteTeamCountry "BEL"]
[BlackTeamCountry "BEL"]

1. e4 e5 2. Nf3 Nc6 3. Bb5 a6 4. Ba4 Nf6 5. d3 b5 6. Bb3 Bc5 7. 0-0 d6 8. a4 Rb8 9. axb5 axb5 10. c3 0-0 11. Be3 Bb6 12. Bxb6 Rxb6 13. Nbd2 Nh5 14. Re1 Nf4 15. Nf1 Bg4 16. Ne3 Bxf3 17. Qxf3 Nxd3 18. Re2 Nf4 19. Rd2 Qf6 20. Kh1 b4 21. Bc4 bxc3 22. bxc3 Rfb8 23. g3 Rb1+ 24. Rd1 Rxd1+ 25. Rxd1 Nd5 26. Qxf6 Nxf6 27. f3 g6 28. Rd2 Rb1+ 29. Rd1 Rxd1+ 30. Nxd1 Kf8 31. Kg2 Ne7 32. Bb3 Nd7 33. Kf2 Nc5 34. Bc4 c6 35. Ke3 f5 36. Ba2 Kg7 37. h4 h6 38. Nb2 d5 39. Bb1 Kf6 40. c4 fxe4 41. fxe4 d4+ 42. Kf3 Nc8 43. Nd3 Nxd3 44. Bxd3 Nb6 45. Bf1 Ke7 46. h5 gxh5 47. Kf2 Kf6 48. Ke1 Kg5 49. Be2 h4 50. Kf2 hxg3+ 51. Kxg3 h5 52. Bd3 h4+ 53. Kf3 c5 54. Bf1 h3 55. Bxh3 Nxc4 56. Bg2 Nd6 57. Bh3 c4 58. Be6 c3 59. Bb3 Nc4 60. Bc2 Na3 0-1